000 00616nam a2200241Ia 4500
003 OSt
005 20220918194553.0
006 a|||||r|||| 00| 0
007 ta
008 220917b |||||||| |||| 00| 0 eng d
024 _a80,224
037 _cTextual
040 _aARTS
_cARTS
_beng
041 _2eng
_aeng
082 _aS:44:(Q), L4
100 _aPruyser P W
_974506
245 0 _aBetween belief and unbelief
260 _aN York
_bHarper and Row
_c1974
300 _aix, 301p.
_ccm.
650 _aPSYCHOLOGY
942 _hS:44:(Q), L4
_cTEXL
_2CC
999 _c203950
_d203950